000 01187nam a2200301 i 4500
003 EG-GICUC
005 20260416111344.0
008 260304s2020 ua ||||fr|||| 00| 0 ara d
040 _a EG-GICUC
_bara
_c EG-GICUC
_d EG-GICUC
_erda
041 _aara
082 0 4 _221
_a343.421
_bش ر . خ
092 0 4 _221
099 _aLaw1 10 343.421 ش ر . خ 2020
100 0 _aشريف نصر أحمد
_eمؤلف.
245 1 0 _aخصوصية المعاملة الجزائية لمدمنى المخدرات :
_bدراسة مقارنة /
_cتأليف د.شريف نصر أحمد.
264 1 _aلا يوجد مكان نشر محدد :
_bلا يوجد ناشر محدد،
_c2020.
300 _a160 صفحة ;
_c24 سم.
336 _2rda content
_atext
337 _2rda media
_aComputer
338 _2rda carrier
_aOnline Resource
504 _aلا يشتمل على إرجاعات ببليوجرافية.
546 _aالنص باللغة العربية
650 1 _aالقانون الجنائي
650 1 _a التشريعات المتعلقة بالمخدرات
856 4 0 _uhttps://fll.law.cu.edu.eg/fulltext/bks/B10-06201.pdf
905 _a43
_eYara
942 _2ddc
_n0
_cBK
_e21
999 _c64928
_d64928